000 00590cam a2200229 4500
001 M1066
008 090401t1991 xxu||||| |||| 00| 0 eng d
035 _a(Sirsi) u29649
041 _aeng
050 _a333.33
110 _aFederation International Des Geometres
245 _aDefinition of a surveyor.
260 _aHelsinki
_bFIG Bureau
_c1991
300 _a17p. : ill. ; 20cm.
350 _a0
490 _aFIG Publication
_v2
520 _aText in English, French and German.
650 _aSURVEYORS
690 _aPROFESSIONAL PRACTICE
942 _n0
948 _c04/03/1997
999 _c89447
_d89447